| 000 | 00916nam a2200217 a 4500 | ||
|---|---|---|---|
| 003 | 0 | ||
| 005 | 20250819083726.0 | ||
| 008 | 080827s19uu xx 00 eng d | ||
| 050 |
_aPGS QR 82.S6.G74 _b.Al411 2008 |
||
| 100 | _aAligaen, Samantha Alexandra K. | ||
| 245 |
_aThe effects of different preparations of green tea on Staphylococcus aureus / _cSamantha Alexandra K. Aligaen. |
||
| 260 |
_aLas PiƱas City, Philippines : _bSouthville International School and Colleges, _c2008. |
||
| 300 |
_a26 pages : _billustrations ; _c28 cm. |
||
| 504 | _aIncludes bibliographical references. | ||
| 650 |
_aStaphylococcus aureus _vDrug effects. |
||
| 650 |
_aGreen tea _vAntibacterial properties. |
||
| 650 |
_aAntibacterial agents _vNatural products. |
||
| 650 |
_aZone of inhibition _vMeasurement in antibacterial testing. |
||
| 650 |
_aMicrobial Sensitivity Tests _vHerbal Extracts. |
||
| 942 |
_2lcc _cPASS |
||
| 999 |
_c98047 _d98047 |
||